<?xml version="1.0" encoding="UTF-8"?>
<record
    xmlns:xsi="http://www.w3.org/2001/XMLSchema-instance"
    xsi:schemaLocation="http://www.loc.gov/MARC21/slim http://www.loc.gov/standards/marcxml/schema/MARC21slim.xsd"
    xmlns="http://www.loc.gov/MARC21/slim">

  <leader>01560    a2200241   4500</leader>
  <controlfield tag="001">142</controlfield>
  <controlfield tag="005">20260407155413.0</controlfield>
  <controlfield tag="008">260407a2006    arg                 spa d</controlfield>
  <controlfield tag="003">AR-UNSa-BCEJYS</controlfield>
  <datafield tag="040" ind1=" " ind2=" ">
    <subfield code="a">AR-UNSa-BCEJYS</subfield>
    <subfield code="b">spa</subfield>
    <subfield code="c">AR-UNSa-BCEJYS</subfield>
  </datafield>
  <datafield tag="080" ind1=" " ind2=" ">
    <subfield code="a">351.72</subfield>
    <subfield code="x">Finanzas p&#xFA;blicas. Legislaci&#xF3;n (Contabilidad P&#xFA;blica, Administraci&#xF3;n financiera...)</subfield>
  </datafield>
  <datafield tag="245" ind1="1" ind2="0">
    <subfield code="a">Estado eficaz</subfield>
  </datafield>
  <datafield tag="020" ind1=" " ind2=" ">
    <subfield code="a">978-987-1140-41-1</subfield>
  </datafield>
  <datafield tag="250" ind1=" " ind2=" ">
    <subfield code="a">2a. ed</subfield>
  </datafield>
  <datafield tag="264" ind1=" " ind2="1">
    <subfield code="a">Buenos Aires :</subfield>
    <subfield code="b">Osmar D. Buyatti</subfield>
    <subfield code="c">2006</subfield>
  </datafield>
  <datafield tag="300" ind1=" " ind2=" ">
    <subfield code="a">220 p.</subfield>
    <subfield code="c">23 cm.</subfield>
  </datafield>
  <datafield tag="505" ind1=" " ind2=" ">
    <subfield code="a">1. Resultados en el sector p&#xFA;blico -- 2. Importancia de la medici&#xF3;n de resultados -- 3. El enfoque sist&#xE9;matico de la funci&#xF3;n p&#xFA;blica -- 4. Gesti&#xF3;n de la informaci&#xF3;n en el sector p&#xFA;blico -- 5. El sistema de informaci&#xF3;n en el estado como base para la auditor&#xED;a integral o de resultados -- 6. Los sistemas de informaci&#xF3;n integrados de integrales en el sector p&#xFA;blico --7. Medici&#xF3;n de resultados. Metodolog&#xED;as aplicables -- 8. Un modelo de control y auditor&#xED;a basado en resultados -- 9. Elaboraci&#xF3;n de normas y unidades para medir resultados -- 10. Control y auditor&#xED;a -- 11. El proceso de auditor&#xED;a integral -- 12. Control y auditor&#xED;a en la administraci&#xF3;n nacional. Marco legal normativo -- 13. Futuro del control y la auditor&#xED;a en el sector p&#xFA;blico. Conclusiones finales</subfield>
  </datafield>
  <datafield tag="041" ind1=" " ind2=" ">
    <subfield code="a">spa</subfield>
  </datafield>
  <datafield tag="942" ind1=" " ind2=" ">
    <subfield code="c">BK</subfield>
  </datafield>
  <datafield tag="590" ind1=" " ind2=" ">
    <subfield code="a">niveau_biblio:m niveau_hierar:0</subfield>
  </datafield>
  <datafield tag="100" ind1="1" ind2=" ">
    <subfield code="a">Las Heras, Jos&#xE9; Mar&#xED;a</subfield>
  </datafield>
  <datafield tag="856" ind1="4" ind2="1">
    <subfield code="u">https://biblioeco.unsa.edu.ar/pmb/images/libros/estado_eficaz.jpg</subfield>
    <subfield code="y">Imagen de portada</subfield>
    <subfield code="q">image/jpeg</subfield>
  </datafield>
  <datafield tag="999" ind1=" " ind2=" ">
    <subfield code="c">111</subfield>
    <subfield code="d">111</subfield>
  </datafield>
  <datafield tag="952" ind1=" " ind2=" ">
    <subfield code="0">0</subfield>
    <subfield code="1">0</subfield>
    <subfield code="4">0</subfield>
    <subfield code="7">0</subfield>
    <subfield code="a">BCEJYS</subfield>
    <subfield code="b">BCEJYS</subfield>
    <subfield code="c">16</subfield>
    <subfield code="d">2026-04-07</subfield>
    <subfield code="l">0</subfield>
    <subfield code="o">351.72 L337e 2ed.</subfield>
    <subfield code="p">L116260</subfield>
    <subfield code="r">2026-04-07 15:54:13</subfield>
    <subfield code="w">2026-04-07</subfield>
    <subfield code="y">L</subfield>
  </datafield>
  <datafield tag="952" ind1=" " ind2=" ">
    <subfield code="0">0</subfield>
    <subfield code="1">0</subfield>
    <subfield code="4">0</subfield>
    <subfield code="7">0</subfield>
    <subfield code="a">BCEJYS</subfield>
    <subfield code="b">BCEJYS</subfield>
    <subfield code="c">16</subfield>
    <subfield code="d">2026-04-07</subfield>
    <subfield code="l">0</subfield>
    <subfield code="o">351.72 L337e 2ed.</subfield>
    <subfield code="p">L116259</subfield>
    <subfield code="r">2026-04-07 15:54:13</subfield>
    <subfield code="w">2026-04-07</subfield>
    <subfield code="y">L</subfield>
  </datafield>
</record>
